A bibliography of the writings of W. B. Yeats./ (Record no. 77308)
[ view plain ]
| 000 -LEADER | |
|---|---|
| fixed length control field | 00974cam a22003131 4500 |
| 001 - CONTROL NUMBER | |
| control field | 77308 |
| 003 - CONTROL NUMBER IDENTIFIER | |
| rucl marc code | BD-RjUL |
| 005 - DATE AND TIME OF LATEST TRANSACTION | |
| control field | 20211209082945.0 |
| 008 - FIXED-LENGTH DATA ELEMENTS--GENERAL INFORMATION | |
| fixed length control field | 200312s1958 enkch b 000 0 eng |
| 035 ## - SYSTEM CONTROL NUMBER | |
| System control number | (BD-RjUL)77533 |
| System control number | (OCoLC)304352 |
| 040 ## - CATALOGING SOURCE | |
| Original cataloging agency | DLC |
| Transcribing agency | OYU |
| Modifying agency | OCoLC |
| -- | DLC |
| Language of cataloging | eng |
| 041 ## - LANGUAGE CODE | |
| Language code of text/sound track or separate title | eng |
| 042 ## - AUTHENTICATION CODE | |
| Authentication code | premarc |
| 082 ## - DEWEY DECIMAL CLASSIFICATION NUMBER | |
| Classification number | 016.8219 |
| Author mark and year | WAB 1958 |
| 100 1# - MAIN ENTRY--PERSONAL NAME | |
| Personal name | Wade, Allan, |
| Dates associated with a name | 1881-1955. |
| 9 (RLIN) | 240806 |
| 245 12 - TITLE STATEMENT | |
| Title | A bibliography of the writings of W. B. Yeats./ |
| Statement of responsibility, etc. | Allan Wade |
| 250 ## - EDITION STATEMENT | |
| Edition statement | [2d ed., rev.] |
| 260 ## - PUBLICATION, DISTRIBUTION, ETC. (IMPRINT) | |
| Place of publication, distribution, etc. | London: |
| Name of publisher, distributor, etc. | R. Hart-Davis, |
| Date of publication, distribution, etc. | 1958. |
| 300 ## - PHYSICAL DESCRIPTION | |
| Pagination | 449 p.; |
| Size | 23 cm. |
| 500 ## - GENERAL NOTE | |
| General note | Label mounted on t.p.: Fair Lawn, N.J., Essential Books. |
| 504 ## - BIBLIOGRAPHY, ETC. NOTE | |
| Bibliography, etc | Includes Bibliographical index |
| 600 10 - SUBJECT ADDED ENTRY--PERSONAL NAME | |
| Personal name | Yeats, W. B. |
| Fuller form of name | (William Butler), |
| Dates associated with a name | 1865-1939 |
| 906 ## - LOCAL DATA ELEMENT F, LDF (RLIN) | |
| a | 7 |
| b | cbc |
| c | oclcrpl |
| d | u |
| e | ncip |
| f | 19 |
| g | y-gencatlg |
| 942 ## - ADDED ENTRY ELEMENTS (KOHA) | |
| Source of classification or shelving scheme | Dewey Decimal Classification |
| Koha item type | Books |
| Lost status | Source of classification or shelving scheme | Damaged status | Not for loan | Collection code | Permanent Location | Current Location | Shelving location | Date acquired | Source of acquisition | Cost, normal purchase price | Total Checkouts | Full call number | Date last seen | Copy number | Koha item type |
|---|---|---|---|---|---|---|---|---|---|---|---|---|---|---|---|
| Dewey Decimal Classification | Non-fiction | Central Library, University of Rajshahi | Central Library, University of Rajshahi | 10/04/1964 | Zeitlinger | 63.00 | R 016.8219 WAB 1958 | 12/03/2020 | C-2 | Books |